[Event "ARG-ch Najdorf Memorial"]
[Site "Buenos Aires"]
[Date "1999.11.20"]
[Round "2"]
[White "Ricardi, Pablo"]
[Black "Hoffman, Alejandro"]
[Result "1-0"]
[WhiteElo "2474"]
[BlackElo "2524"]
[Annotator "Rogozenco,D"]
[PlyCount "51"]
[EventDate "1999.11.19"]
[EventType "tourn"]
[EventRounds "13"]
[EventCountry "ARG"]
[EventCategory "9"]
[SourceTitle "CBM 074"]
[Source "ChessBase"]
[SourceDate "2000.02.01"]
[SourceVersion "1"]
[SourceVersionDate "2000.02.01"]
[SourceQuality "1"]

1. e4 {Schulz,A} c5 2. Nf3 d6 3. d4 cxd4 4. Nxd4 Nf6 5. Nc3 g6 6. Be3 Bg7 7. f3
O-O 8. Qd2 Nc6 9. O-O-O d5 10. Nxc6 bxc6 11. Bh6 {A rare played variation,
which nevertherless requires accurate play from Black. This game shows that a
single mistake can lead to loss in the Dragon.} (11. exd5 {Schulz,A} Nxd5 12.
Bd4 {usw. ist die Hauptvariante.}) 11... Bxh6 {'?' Schulz,A. Schulz,A: 'In der
Folge bekommt Schwarz kein Bein auf den Boden. Im Drachen ist das Schlagen auf
h6 nur dann gut, wenn danach Txc3 folgt.'} (11... e6 12. Bxg7 Kxg7 13. h4 h5
14. g4 hxg4 15. h5 Rh8 16. h6+ Kh7 17. Qf4 Qe7 18. Qe5 Rg8 19. exd5 (19. Qg5
$14) 19... cxd5 20. Bb5 Bd7 21. Rxd5 Bxb5 22. Rxb5 $13 {0-1 Stepanov,P-Fedorov,
A/Moscow 1992/(35)}) ({Gute Züge sind} 11... Qa5 {Schulz,A}) ({und} 11... Qc7 {
Schulz,A}) 12. Qxh6 {'+/-' Schulz,A.} Qa5 $6 {Strange enough, but after this
White develops a very strong attack extremely quick.} (12... Rb8 13. e5 Nd7 14.
h4 Nxe5 15. h5 Bf5 16. g4 f6 $1 17. Qf4 $6 (17. gxf5 g5 18. f4 Nf7 $19) (17.
Qe3 $1 Bd7 18. hxg6 Nxg6 19. Bd3 $14) 17... Qd6 $1 $17 {0-1 Gonell Aparici,
R-Marin,M/Manresa 1995/(22)}) (12... Qb6 13. e5 Nd7 14. h4 Nxe5 15. h5 Bf5 16.
g4 f6 17. Qf4 Rab8 18. b3 g5 19. Qxf5 Qe3+ 20. Kb2 Rf7 $17 21. Rd3 Nc4+ 22. Kb1
Na3+ $19 {Liutsko,I-Shabalov,A/USSR 1983/(22)}) 13. e5 Nd7 (13... Nh5 $2 14. g4
Ng7 15. h4 {Black is already lost here.} f5 (15... Rb8 16. h5 Qb4 17. hxg6 fxg6
18. Qxh7+ Kf7 19. Bd3 Rg8 20. Qxg6+ Kf8 21. Qxc6 $18) 16. h5 fxg4 17. hxg6 hxg6
18. Bd3 Rxf3 19. Bxg6 {1-0 Schmitt,T-Hauke,C/Birkenfeld 1990/(19)}) 14. h4 {
'!' Schulz,A.} (14. Rd4 Re8 15. Rh4 Nf8 $13 {and Black's King is out of danger.
}) 14... Nxe5 (14... Re8 $5 {Schulz,A} 15. h5 Nf8 16. hxg6 fxg6 $16) 15. h5 Bf5
16. g4 ({Die schwarze Idee war} 16. hxg6 $2 {Schulz,A} Bxg6) 16... f6 {This
typical move doesn´t seem to help here. The Queen on a5 is too far from the
King and is doing nothing there.} 17. Qe3 ({Nicht} 17. gxf5 $2 {Schulz,A} g5
$19 {mit Dameneinmauerung.}) 17... Bc8 18. hxg6 Nxg6 (18... hxg6 19. f4 Bxg4 (
19... Nxg4 20. Qxe7 $18) (19... Nf7 20. Qh3 Rd8 21. Qh7+ Kf8 22. Bd3 Qb4 23.
Bxg6 Qxf4+ 24. Kb1 Be6 25. Ne2 Qxg4 26. Nd4 $18) 20. Be2 (20. fxe5 Bxd1 21.
Kxd1 $18) 20... Bxe2 21. Qxe2 Nf7 22. Rdg1 $18) 19. Bd3 {White has a decisive
attack.} Rf7 20. Bxg6 hxg6 21. Qh6 {'+-' Schulz,A.} Rg7 22. Qh8+ Kf7 23. Rh7
Rxh7 24. Qxh7+ Ke8 {'?' Schulz,A.} (24... Kf8 25. Qxg6 Qb4 26. Rh1 $18) 25.
Qg8+ Kd7 26. Nxd5 1-0

[Event "Skopje op 18th"]
[Site "Skopje"]
[Date "2002.01.17"]
[Round "3"]
[White "Nedev, Trajce"]
[Black "Rogozenco, Dorian"]
[Result "0-1"]
[WhiteElo "2487"]
[BlackElo "2530"]
[Annotator "Rogozenco,D"]
[PlyCount "102"]
[EventDate "2002.01.15"]
[EventType "swiss"]
[EventRounds "9"]
[EventCountry "MKD"]
[SourceTitle "CBM 088"]
[Source "ChessBase"]
[SourceDate "2002.03.21"]
[SourceVersion "1"]
[SourceVersionDate "2002.03.21"]
[SourceQuality "1"]

1. e4 c5 2. Nf3 d6 3. d4 cxd4 4. Nxd4 Nf6 5. Nc3 g6 6. Be3 Bg7 7. f3 Nc6 8. Qd2
O-O 9. O-O-O d5 10. Qe1 e5 11. Nxc6 bxc6 12. exd5 Nxd5 13. Bc4 Be6 14. Ne4 Qc7
15. Bc5 Rfd8 16. g4 Nf4 17. Bxe6 Nxe6 18. Bd6 Qb6 19. Qc3 Nd4 20. Kb1 Rd7 (
20... Nb5 21. Qb3 Nxd6 22. Nxd6 Qc7 (22... Rd7 $142) 23. Qb7 Qxb7 24. Nxb7 Rd5
25. c4 $14 {/+/-, 1-0 Bologan,V-Rogozenko,D/Chisinau, 1998 (61)}) 21. Rd3 Qb5
$5 $146 (21... Qd8 22. Qc5 Rc8 $13 {1-0 Van den Doel,E-Van der Wiel,J/Wijk aan
Zee 1998 (30)}) 22. a4 (22. g5 $1 Rad8 23. a4 $1 (23. Bc5 Ne2 24. Rxd7 Nxc3+
25. Nxc3 Rxd7 $5 26. Nxb5 cxb5 $11) 23... Qd5 24. Ba3) (22. Rhd1 $2 f5 $19) (
22. Qc5 $13 f5 $5 (22... Rad8 $5)) (22. Bc5 Ne2 $13) 22... Qd5 $8 23. Ba3 (23.
Bc5 f5 24. gxf5 gxf5 25. Ng3 e4 $36) 23... f5 24. gxf5 gxf5 25. Nc5 e4 $1 (
25... Rf7 $6 26. Rhd1 $14) 26. Nxd7 (26. fxe4 fxe4 $36) 26... exd3 27. Qxd3 Rd8
$1 (27... Qxd7 28. c3 $11) (27... Qxf3 28. Qc4+ Kh8 29. Re1 $13) (27... Nxf3 $5
28. Qxd5+ cxd5 29. Rd1 d4 $11 {/=/+} 30. h3 Re8 $15) 28. Nc5 Nxf3 29. Qxd5+
Rxd5 30. Nd3 Ne5 $1 $15 {'o^f'} 31. Rf1 (31. Nf4 Rd4 32. Ne6 Rxa4 $17) (31.
Nxe5 Bxe5 $15) 31... Nxd3 32. cxd3 Kf7 33. Rf3 Bd4 (33... Ke6 $5 34. Rh3 $140
f4 $1 35. Rxh7 f3 36. Rxg7 f2 $19) 34. Kc2 Ke6 35. Kb3 $2 (35. Bb4 $142 Be5 36.
Bc3 f4 (36... Bxh2 37. Rh3) 37. Kd2 $15) 35... Be5 $17 36. h3 f4 37. Bb4 Kf5
38. Bc3 h5 $1 39. Kc4 Bxc3 $19 40. Kxc3 (40. bxc3 Re5 41. Kd4 Re3 $1 42. Rxe3
c5+ $1 43. Kxc5 fxe3 $19) 40... c5 41. Kc4 Re5 42. Rf2 h4 43. a5 Re3 44. Kxc5
Rxd3 45. b4 Rxh3 46. b5 Ra3 47. Kb4 Ra1 48. Rh2 (48. Rb2 h3 49. b6 axb6 50.
axb6 Ra8 $19) 48... f3 49. b6 (49. Rxh4 f2 50. Rh8 f1=Q 51. Rf8+ Ke6 52. Rxf1
Rxf1 $19) 49... axb6 50. axb6 Rb1+ 51. Kc5 Kg4 0-1

[Event "USA-ch"]
[Site "Seattle"]
[Date "2002.01.07"]
[Round "3"]
[White "Mulyar, Michael A"]
[Black "Kudrin, Sergey"]
[Result "1-0"]
[WhiteElo "2427"]
[BlackElo "2524"]
[Annotator "Rogozenco,D"]
[PlyCount "101"]
[EventDate "2002.01.05"]
[EventType "swiss"]
[EventRounds "9"]
[EventCountry "USA"]
[SourceTitle "CBM 087"]
[Source "ChessBase"]
[SourceDate "2002.03.21"]
[SourceVersion "1"]
[SourceVersionDate "2002.03.21"]
[SourceQuality "1"]

1. e4 c5 2. Nf3 d6 3. d4 cxd4 4. Nxd4 Nf6 5. Nc3 g6 6. Be3 Bg7 7. f3 Nc6 8. Qd2
O-O 9. O-O-O d5 10. exd5 Nxd5 11. Nxc6 bxc6 12. Bd4 e5 13. Bc5 Be6 14. Ne4 Re8
15. Bc4 h6 16. g4 Qh4 $146 {A novelty which doesn't make a good impression.
The queen on h4 would make more sense in case it stopped the advance h2-h4.
But achieves it easily anyway. The usual square for black queen is c7.} (16...
Qc7 17. h4 (17. g5 h5 18. h4 Red8 19. Qf2 Nf4 20. Bxe6 Nxe6 21. Bd6 Qb6 22. Qg3
Nd4 23. Rhe1 Nf5 24. Qg1 Qxg1 25. Rxg1 {1/2-1/2 Degraeve,J-Dobias,R/Cappelle
la Grande 1992}) 17... Red8 18. Qe1 f5 (18... Nf4 $142) 19. gxf5 gxf5 20. Nf2
Rab8 21. Nd3 Bf7 22. Rg1 $40 {1-0 Anka,E-Farago,S/Budapest 1996 (30)}) (16...
f5 $2 17. gxf5 gxf5 18. Rhg1 Kh7 (18... fxe4 19. Qxh6 Qf6 20. Rxg7+ Qxg7 21.
Rg1 $18) 19. Qg2 $18 {1-0 Fedorov,V-Eletsky,E/Oviedo 1993 (28)}) 17. Bf2 Qe7
18. Bc5 Qh4 19. Bf2 Qe7 20. h4 $1 f5 $2 {This apparently active pawn advance
opens the g-file and must be made only after carefully taking into
consideration all the consequences. The present game underlines its drawback
and serves as an instructive example of how dangerous the open g-file can be.}
(20... Red8 21. Bc5 Qc7 {would have lead to a theoretical position, slightly
better for White.}) 21. gxf5 gxf5 22. Bc5 Qc7 23. Rhg1 $1 Kh7 (23... fxe4 24.
Qxh6 $18) 24. Rxg7+ $1 {Very impressive. Actually White wins back the material
by force, keeping big advantage.} Qxg7 (24... Kxg7 25. Rg1+ Kh7 26. Bxd5 $18 {
[%cal Ge4f6]}) 25. Rg1 Qf7 (25... Qh8 26. Ng5+ hxg5 27. Bxd5 (27. Qxg5 $2 Qf6)
27... Bxd5 28. Qxg5 $18) 26. Nd6 Qc7 27. Nxe8 Rxe8 $16 {White's bishop pair
and attacking possibilities make Black's position difficult.} 28. h5 Rd8 29.
Qe1 (29. Rg6 $2 Nf4) 29... Nf4 30. Bxe6 Nxe6 31. Be3 {[%csl Re5,Rf5,Rh6][%cal
Rg1g8] Black is not able to hold all weaknesses.} Qf7 32. Qc3 f4 33. Bf2 Qd7
34. b3 (34. Qxe5 $4 Qd2+ 35. Kb1 Qd1+ 36. Rxd1 Rxd1#) 34... Qd5 35. Re1 Nd4 36.
Qd3+ Kh8 37. Qg6 {[%csl Rh8] The king is simply too weak and there si nothing
Black can do about it. This factor plays the major role in all kind of
complications.} Nxf3 38. Qxh6+ Kg8 39. Qg6+ Kh8 (39... Kf8 40. Rf1 Rd6 (40...
Qf7 41. Bc5+ $18) 41. Qf5+ Ke8 (41... Qf7 42. Qc8+ Qe8 43. Qg4 $18 {[%cal
Gf2c5]}) 42. Qc8+ Rd8 43. Qg4 $16 Rd6 44. h6 $5 Rxh6 45. Rd1 Nd4 46. Bxd4 exd4
47. Qxf4 $16 {/+-.}) 40. Bh4 $1 $18 Nxh4 41. Qh6+ Kg8 42. Rg1+ Ng2 43. Qg5+ Kf8
44. Rxg2 Rd7 (44... Qd1+ 45. Kb2 Qd4+ 46. c3 $18) 45. Qf6+ Ke8 (45... Rf7 46.
Qh8+ Ke7 47. Rd2 $18) 46. Qh8+ Ke7 47. Rg7+ Kd6 48. Qb8+ Kc5 49. Rxd7 Qxd7 50.
Qxe5+ Kb6 51. Qxf4 1-0

[Event "Katrineholm"]
[Site "Katrineholm"]
[Date "1999.05.19"]
[Round "8"]
[White "Laveryd, Peter"]
[Black "Fedorov, Alexei"]
[Result "0-1"]
[WhiteElo "2420"]
[BlackElo "2648"]
[Annotator "Rogozenco,D"]
[PlyCount "62"]
[EventDate "1999.05.??"]
[EventType "tourn"]
[EventRounds "9"]
[EventCountry "SWE"]
[EventCategory "12"]
[SourceTitle "CBM 071"]
[Source "ChessBase"]
[SourceDate "1999.08.01"]
[SourceVersion "1"]
[SourceVersionDate "1999.08.01"]
[SourceQuality "1"]

1. e4 {Schulz,A} c5 2. Nf3 d6 3. d4 cxd4 4. Nxd4 Nf6 5. Nc3 g6 6. Be3 Bg7 7. f3
Nc6 8. Qd2 O-O 9. g4 {Schulz,A: 'Das spielt man, wenn man die Stellungen nach
9.0-0-0 Sxd4 19.Lxd4 Le6 anstrebt, aber die Möglichkeit 9...d5 nicht zulassen
möchte. Nach 9... d5 folgt nun 10.g5.'} Be6 10. O-O-O Rc8 {Schulz,A: 'Schwarze
plant Se5 und Eroberung des Feldes c4.'} ({Verbreiteter ist} 10... Nxd4 11.
Bxd4 Qa5) 11. Nxe6 {Schulz,A: 'An dieser Stelle wird der Tausch kaum gespielt.
'} (11. Kb1 $142) 11... fxe6 12. Ne2 $2 {This unfortunate novelty shows one
more time Black´s possibilities in the Dragon.  Schulz,A: 'Der Tausch auf e6
macht mehr Sinn in Verbindung mit 12.Lc4. Dieses Springermanöver hier ist
umständlich, außerdem hat der S auf c3 auch seine Funktion dort.'} (12. Be2 Ne5
13. Kb1) ({RR} 12. Bc4 {Schulz,A} Qd7 13. Bb3 Na5 14. Bh6 {Nouro,M-Norri,J/
FIN-chT 1993/EXT 98/0-1 (39)}) 12... Qd7 $1 {Schulz,A: 'Ein Zug mit drei
Funktionen: 1. Die Türme werden verbunden 2. Der Bauer e6 wird prophylaktisch
schon gedeckt 3. Die Dame schaut nach a4. '} 13. h4 $2 (13. Nd4 $2 Nxd4 14.
Bxd4 Qa4 15. Kb1 Nxe4 $1 16. fxe4 Bxd4 17. b3 Qc6 18. Bc4 (18. Qxd4 Qxc2+ 19.
Ka1 Rf2 $19) 18... d5 19. Qxd4 dxc4 20. Qxc4 Qxc4 21. bxc4 Rxc4 $17) (13. Kb1
$8 Ne5 14. Nd4 {This is probably the only way to hold the position. After 14. .
.. Nc4 Black is fine, of course, but at least White has a playable position.})
(13. Nd4 $142 {Schulz,A}) 13... Ne5 $19 {Now Black wins material.} 14. Nd4 Qa4
15. Be2 (15. Kb1 Nxf3 $1 16. Nxf3 Nxe4 $19) (15. Nxe6 Qxa2 $19) (15. a3 {
Schulz,A} Nxf3 16. Bb5 Qxb5 17. Nxb5 Nxd2 18. Rxd2 Nxg4 $19) 15... Qxa2 16. Qb4
Nc4 17. Bxc4 Rxc4 18. Qb3 (18. Qxb7 Nxg4 19. fxg4 Bxd4 20. Bxd4 (20. Rxd4 {
Schulz,A} Qa1+ 21. Kd2 Rxd4+ 22. Bxd4 Qxh1 $19) 20... Qa1+ 21. Kd2 Rxd4+ {
'-+' Schulz,A.} 22. Ke2 Qa4 $1 $19) 18... Qxb3 19. Nxb3 Nd7 20. Rhf1 Ne5 21.
Nd4 $2 (21. Nd2 Rc6) 21... Nxg4 {Oops, another blow.} 22. Bg1 Bxd4 23. Rxd4
Rxd4 24. Bxd4 Nh2 25. Rf2 Nxf3 26. Bxa7 Nxh4 {I think White regreted his
opening conception to push pawns on the kingside.} 27. Re2 g5 28. c4 Nf3 29.
Re3 h5 30. Rb3 h4 31. Bf2 g4 0-1

[Event "RUS-Cup9"]
[Site "Novgorod"]
[Date "1997.06.20"]
[Round "8"]
[White "Skatchkov, Pavel"]
[Black "Zakharov, Alexander V"]
[Result "1/2-1/2"]
[WhiteElo "2370"]
[BlackElo "2375"]
[Annotator "Rogozenco,D"]
[PlyCount "80"]
[EventDate "1997.06.11"]
[EventType "swiss"]
[EventRounds "9"]
[EventCountry "RUS"]
[SourceTitle "CBM 060"]
[Source "ChessBase"]
[SourceDate "1997.09.29"]
[SourceVersion "1"]
[SourceVersionDate "1997.09.29"]
[SourceQuality "1"]

1. e4 {Schulz,A} c5 2. Nf3 d6 3. d4 cxd4 4. Nxd4 Nf6 5. Nc3 g6 6. Be3 Bg7 7. f3
O-O 8. Bc4 Nc6 9. Qe2 {Although often played before, this move seems to be an
inaccuracy, because Black has an interesting possibility to sacrifice the
exchange. If White wants to play the system with the queen on e2, he probably 
has to start with 9.Bb3, and only after 9. ... Bd7 - 10.Qe2. In this case 10. .
.. Ne4 is a mistake, due to the fact that the pawn on b7 is not defended and
in the end of the variation White can take it with the rook.} ({Schulz: Wenn
Weiß stattdessen erst} 9. Bb3 Bd7 {und dann} 10. Qe2 {spielt, ist die mit Sxe4
eingeleitete Opfer/Abtausch-Kombination schwächer:} Nxe4 11. Nxc6 Nxc3 12. Nxd8
Nxe2 13. Nxf7 Rxf7 14. Bxf7+ Kxf7 15. Kxe2 Bxb2 16. Rab1 {und weil der B schon
auf d7 steht, gewinnt Weiß den Bauern zurück.} Bg7 17. Rxb7 $18) 9... Nxe4 $5
$146 {An interesting exchange sacrifice. It has its psychological effect too -
the best White can achieve is an endgame which is very close to equal. It is
hard to believe that such a move can be a novelty, but it seems so.} 10. Nxc6 (
10. Nxe4 Nxd4 $19) 10... Nxc3 11. Nxd8 Nxe2 12. Nxf7 Rxf7 13. Bxf7+ Kxf7 14.
Kxe2 Bxb2 15. Rab1 Bg7 {Schulz: Schwarz hat eine Qualität für einen Bauern
geopfert und dabei auch noch das Läuferpaar behalten.} 16. Rhd1 (16. h4 $2 b6
17. h5 Bf5 $17) 16... b6 {The endgame is probably equal - Black has a pawn and
better structure for the exchange.} 17. Bd4 Ba6+ 18. Kf2 (18. Ke1 $142 Rc8 19.
Bxg7 Kxg7 20. Rd2 $11) 18... Rc8 19. Bxg7 $2 {White probably decided to
sacrifice his weak pawn in order to open the lines for his rooks. Very
doubtful idea in this position, after which White has to fight for a draw.} (
19. Rb2 $11) (19. Rbc1 {Schulz,A} Bh6 20. Be3 Bg7 21. Bd4 $11) (19. Rb2 {
Schulz,A} e5 20. Be3 Ke6 $15) 19... Rxc2+ 20. Kg1 Kxg7 21. a4 (21. Rdc1 Rxa2
22. Ra1 Rxa1 23. Rxa1 Bc4 24. Rxa7 Kf6 25. Rb7 b5 $17) 21... Rc5 22. Rbc1 Kf6
23. Re1 Bc4 (23... d5 24. f4 e6 $15) (23... e5 $5 $17) 24. Re4 Bd3 25. Rf4+ Kg7
26. Re1 e5 27. Rb4 Kf6 $2 (27... Bc4 28. Rc1 d5 29. Kf2 Kf6 $17) 28. Rd1 Rc3
29. a5 $1 b5 (29... bxa5 30. Rb7 (30. Ra4 a6 31. Rxa5 Ke6 $17) 30... a6 31.
Rxh7 a4 32. Rh4 a3 33. Ra4 $11) 30. Rb2 d5 31. Rxd3 $1 Rxd3 32. Rxb5 $11 Rd1+
33. Kf2 Rd2+ 34. Kg3 Kf5 35. Rb7 h5 36. h4 Ra2 37. Rxa7 d4 38. a6 d3 39. Ra8 d2
40. Rd8 Rxa6 1/2-1/2

[Event "Sanjin Hotel Cup"]
[Site "Taiyuan"]
[Date "2004.07.20"]
[Round "4"]
[White "Short, Nigel D"]
[Black "Bu, Xiangzhi"]
[Result "1/2-1/2"]
[WhiteElo "2684"]
[BlackElo "2620"]
[Annotator "Rogozenco,D"]
[PlyCount "67"]
[EventDate "2004.07.17"]
[EventType "tourn"]
[EventRounds "9"]
[EventCountry "CHN"]
[EventCategory "16"]
[SourceTitle "CBM 102"]
[Source "ChessBase"]
[SourceDate "2004.09.23"]
[SourceVersion "1"]
[SourceVersionDate "2004.09.23"]
[SourceQuality "1"]

1. e4 c5 2. Nf3 d6 3. d4 cxd4 4. Nxd4 Nf6 5. Nc3 g6 6. Be3 Bg7 7. f3 Nc6 8. Qd2
O-O 9. g4 Bd7 10. h4 Ne5 11. h5 Rc8 12. O-O-O Qa5 13. Nb3 (13. Kb1 Nxf3 $1 14.
Nxf3 Rxc3 15. Qxc3 Qxc3 16. bxc3 Bxg4 $44) 13... Qc7 14. Be2 b5 (14... Nc4 $2
15. Bxc4 Qxc4 16. e5 $18) 15. Kb1 $1 (15. g5 $5 Nxh5 16. Nd5 Qd8 17. Bxa7 $13)
(15. hxg6 $6 fxg6 {and Black is okay, thanks to the open f-file.}) 15... b4 (
15... Nc4 16. Bxc4 bxc4 17. Nd4 $14 Qb7 18. Qh2 Rb8 19. Bc1 h6 20. hxg6 fxg6
21. b3 cxb3 22. axb3 Rfc8 23. Rd3 h5 24. gxh5 Nxh5 25. Qg2 Be8 26. Rxh5 Bxd4
27. Rxd4 Rxc3 28. Bb2 Rxc2 29. Qxc2 gxh5 30. Qg2+ Kf8 31. Rb4 $1 Bb5 32. Qg6
$16 {1-0 Palac,M-Lalic,B/Pula 2000 (45)}) 16. Nd5 Nxd5 17. exd5 a5 (17... f5
18. hxg6 hxg6 19. Bh6 f4 20. Nd4 Qc5 21. Qe1 Rf7 22. Qh4 Nxf3 23. Bxf3 Bxd4 24.
Be4 Ba4 25. Rh2 $18 {1-0 Fressinet,L-Polzin,R/Germany 2001 (28)}) (17... Rfe8
18. Rh2 a5 19. hxg6 fxg6 20. Rdh1 a4 21. Nd4 $16 {1-0 Tomescu,V-Piva,G/Porto
San Giorgo 2003 (29)}) 18. Bh6 $6 (18. Nd4 $14 Rfe8 $5 (18... a4 19. Bh6 b3 20.
cxb3 axb3 21. Bxg7 bxa2+ 22. Ka1 Kxg7 23. hxg6 fxg6 24. Qh6+ Kf7 25. f4 $18 {
1-0 Hommik,A-Gornoi,M/EST-chB 2nd email 2000 (31)}) (18... Nc4 19. Bxc4 Qxc4
20. hxg6 fxg6 21. Qh2 h5 (21... h6 22. Bxh6 $16) 22. gxh5 g5 23. Rhg1 $18 {
1-0 Hautot,S-Goormachtigh,J/Belgium 2004 (36)}) 19. hxg6 (19. Bh6 Bh8) 19...
fxg6 $14 {This position requires a detailed analysis from both sides.}) (18.
Rc1 $6) 18... Bxh6 19. Qxh6 Qxc2+ 20. Ka1 Qxe2 $1 (20... f6 $2 21. Nd4 (21. Rc1
g5 $1 22. Rxc2 Rxc2 {[%cal Ge5f7]}) (21. hxg6 $2 Qxg6) 21... Nf7 (21... g5 22.
Nxc2 Rxc2 23. Bd3 $18) (21... Qxe2 22. hxg6 (22. Nxe2 g5 {[%cal Ge5f7]} 23. Nd4
Nf7 24. Qxf8+ Kxf8 25. Rc1 Ne5 $44) 22... Qxd1+ 23. Rxd1 $16) 22. Qe3 $1 $36 (
22. Qxf8+)) 21. hxg6 {An improvement over the single available game Sax-Cebalo,
2002, but in my opinion White should search for earlier improvements.} (21. Nd4
$6 Nxg4 $1 22. fxg4 Qe5 (22... Qe4 $5) 23. hxg6 Qg7 24. gxh7+ Kh8 $11 {0-1 Sax,
G-Cebalo,M/Medulin 2002 (46)}) 21... Qxd1+ {The only possibility for Black to
defend against mating threats, but it is enough to obtain a good play.} 22.
Rxd1 fxg6 {[%csl Ge5,Rf3][%cal Gf8f3,Gc8c2] Black's strong pieces secure at
least equal chances.} 23. Nd4 Rf7 24. Rh1 (24. Rc1 Rxc1+ 25. Qxc1 Nxf3 $17) (
24. Qe3 $142 $5 Rc5 25. Qe4 $13) 24... Rc5 25. Ne6 Rxd5 26. Ng5 Rg7 27. Qh4 Nf7
(27... Rc5 $1 $15 {/-/+} 28. Nxh7 Nxf3 29. Qh3 Nd4 $19 {[%csl Rh7]}) 28. Ne4 $1
(28. Nxf7 Rxf7 $17) 28... Re5 (28... g5 29. Qf2 Ne5 30. Qa7 Bc6 31. Ng3 $132)
29. Rc1 {White finally succeeds to activate his rook and save himself.} h6 (
29... h5 $1 30. gxh5 gxh5 $15 {[%cal Gg7g2]}) 30. Rc7 d5 31. Nc5 Bb5 32. a4
bxa3 33. bxa3 d4 34. Nd7 1/2-1/2

[Event "Skopje op 18th"]
[Site "Skopje"]
[Date "2002.01.22"]
[Round "8"]
[White "Palac, Mladen"]
[Black "Kolev, Atanas"]
[Result "1/2-1/2"]
[WhiteElo "2580"]
[BlackElo "2568"]
[Annotator "Rogozenco,D"]
[PlyCount "65"]
[EventDate "2002.01.15"]
[EventType "swiss"]
[EventRounds "9"]
[EventCountry "MKD"]
[SourceTitle "CBM 088"]
[Source "ChessBase"]
[SourceDate "2002.03.21"]
[SourceVersion "1"]
[SourceVersionDate "2002.03.21"]
[SourceQuality "1"]

1. e4 c5 2. Nf3 d6 3. d4 cxd4 4. Nxd4 Nf6 5. Nc3 g6 6. Be3 Bg7 7. f3 Nc6 8. Qd2
O-O 9. O-O-O d5 10. exd5 Nxd5 11. Nxc6 bxc6 12. Bd4 e5 13. Bc5 Be6 14. Ne4 Re8
15. h4 h6 16. g4 Qc7 17. g5 h5 18. Bc4 Red8 19. Qf2 Qb7 (19... a5 20. a4 Qb7
21. Rhe1 $1 {See next annotation.}) 20. Rd2 ({Ehlvest's idea} 20. Rhe1 {
(though he played it after the inclusion of the moves a5-a4) underlines the
weakness of the e5-pawn, which can be seen in the following variation:} Nf4 21.
Bxe6 Nxe6 22. Nf6+ Bxf6 23. gxf6 {[%csl Re5] On the other hand without the
inclusion of a5-a4 it doesn't work so smoothly because Black can win a tempo
by attacking pawn a2:} Qa6 24. a3 Qc4 $13 {[%csl Rc5][%cal Gc4f4,Gc4a2]}) 20...
a5 (20... Nf4 21. Bxe6 Rxd2 22. Qxd2 Nxe6 23. Be3 Rb8 24. c3 $14 {1-0 Nutiu,
H-Varga,Z/Singapore 1990 (43)}) 21. a4 Nf4 22. Bxe6 Nxe6 23. Bd6 Nd4 24. Rhd1
Rxd6 $1 {A well calculated combination, which leads to a draw.} 25. Nxd6 Qb4 {
Now everything is forced.} 26. Ne4 Rb8 27. c3 (27. b3 $2 Qa3+ 28. Kb1 Nxb3 29.
cxb3 Qxb3+ $19) 27... Nb3+ 28. Kc2 Qxa4 29. Rd8+ Rxd8 30. Rxd8+ Kh7 31. Kb1
Qa1+ 32. Kc2 Qa4 33. Kb1 {Although there is no direct win for Black if White
avoids a draw by repetition, by doing so he risks to be under a permanent
attack:} (33. Rb8 $6 Nd4+ 34. Kd3 Qd1+ 35. Nd2 Ne6 $44) (33. Kd3 Qb5+ 34. c4 (
34. Kc2 Qa4) 34... Nc1+ 35. Kc2 Qxc4+ 36. Kb1 Nb3 $36) 1/2-1/2